00630nam a2200181 i 450000100060000000300090000600500170001500700030003200800410003510000380007624500830011426000340019730000220023174000240025385200320027799900170030995201220032669906ES-MaACL20230906170645.0t|040713s1972 sp ||||1| spa d1 aGarcía Lorca, Francisco.95485910aDe Fray Luis a San Juan b: ; La escondida senda / cFrancisco García Lorca. aMadrid : bCastalia, c[1972] a254 p. ; c23 cm.3 aLa escondida senda. aES-MaACLjC-49398 bR.84185 c69906d69906 00104070aATENEOMbATENEOMcDEPO2d2008-01-17eSCl0oC-49398p1073201r2023-02-23 00:00:00w2023-02-23yMONOGRAFIA